00463 2200145 4500001002100000008004100021035002000062245006300082100002000145260002500165300001400190082001000204650009000214990001300304INLIS000000000000518 ind  a0010-0322000518 aDONGENG PENGANTAR TIDUR BAWANG PUTIH & BAWANG MERAHHcIKHA aTIRA IKRANEGARA aSURABAYAbRIYAN JAYA ahlm.ccm. a398.2 aFOLK LITERATURE, FAIRY TALES, MYTH, MYTHOLOGY/CERITA RAKYAT, DONGENG, MITOS, MITOLOGI a102717-1